000 00619nam a2200253Ia 4500
003 OSt
005 20220918201324.0
006 a|||||r|||| 00| 0
007 ta
008 220917b |||||||| |||| 00| 0 eng d
024 _a93,124
037 _cTextual
040 _aARTS
_cARTS
_beng
041 _2eng
_aeng
082 _aV1:5.N7, M1
110 _aUnesco
245 0 _aHuman rights in Urban areas
260 _aParis
_bUnesco
_c1983
300 _a169p.
_ccm.
650 _aHUMAN RIGHTS; HISTORY
_94816
700 _aUnesco
942 _hV1:5.N7, M1
_cTEXL
_2CC
999 _c216772
_d216772